National research priority areas and the NCST research grant programme / (Record no. 13099)
[ view plain ]
| 000 -LEADER | |
|---|---|
| fixed length control field | 00646nam a22002052 4500 |
| 001 - CONTROL NUMBER | |
| control field | 0000007578 |
| 005 - DATE AND TIME OF LATEST TRANSACTION | |
| control field | 20151217155834.0 |
| 008 - FIXED-LENGTH DATA ELEMENTS--GENERAL INFORMATION | |
| fixed length control field | 080219s xx 000 0 eng d |
| 020 ## - INTERNATIONAL STANDARD BOOK NUMBER | |
| Terms of availability | KES |
| 040 ## - CATALOGING SOURCE | |
| Original cataloging agency | KABU |
| Transcribing agency | KABU |
| 110 2# - MAIN ENTRY--CORPORATE NAME | |
| Corporate name or jurisdiction name as entry element | Kenya. |
| Subordinate unit | National Council for Science and Technology. |
| -- | 0000158856 |
| 245 10 - TITLE STATEMENT | |
| Title | National research priority areas and the NCST research grant programme / |
| Statement of responsibility, etc. | Kenya. |
| 260 ## - PUBLICATION, DISTRIBUTION, ETC. (IMPRINT) | |
| Place of publication, distribution, etc. | Nairobi : |
| Name of publisher, distributor, etc. | NCST, |
| Date of publication, distribution, etc. | 1989. |
| 300 ## - PHYSICAL DESCRIPTION | |
| Extent | 30 leaves. |
| 650 #0 - SUBJECT ADDED ENTRY--TOPICAL TERM | |
| Topical term or geographic name as entry element | Research |
| Geographic subdivision | Kenya. |
| -- | 0000158861 |
| 650 #0 - SUBJECT ADDED ENTRY--TOPICAL TERM | |
| Topical term or geographic name as entry element | Research grants |
| Geographic subdivision | Kenya. |
| -- | 0000158862 |
| 908 ## - PUT COMMAND PARAMETER (RLIN) | |
| Put command parameter | 080219 |
| 950 ## - LOCAL HOLDINGS (RLIN) | |
| -- | 1 |
| Withdrawn status | Lost status | Source of classification or shelving scheme | Not for loan | Home library | Current library | Date acquired | Total Checkouts | Full call number | Barcode | Date last seen | Price effective from | Koha item type |
|---|---|---|---|---|---|---|---|---|---|---|---|---|
| Library of Congress Classification | Kabarak, Main Campus | Kabarak, Main Campus | 17/12/2015 | Q180 .K4K46 | 012782 | 17/12/2015 | 17/12/2015 | Africana Collection |